[Event "Chioggia op-B 10th"]
[Site "Chioggia"]
[Date "2015.10.10"]
[Round "3"]
[White "Solinas, Roberto"]
[Black "Daccico, Gianni"]
[Result "1-0"]
[WhiteElo "1723"]
[BlackElo "1503"]
[PlyCount "79"]
[EventDate "2015.10.09"]
[EventType "swiss"]
[EventRounds "5"]
[EventCountry "ITA"]
[SourceTitle "EXT 2022"]
[Source "ChessBase"]
[SourceDate "2021.10.06"]
[SourceVersion "1"]
[SourceVersionDate "2021.10.06"]
[SourceQuality "1"]

1. d4 Nf6 2. c4 g6 3. Nc3 d6 4. e4 Bg7 5. f3 0-0 6. Be3 e5 7. d5 Ne8 8. g4 b6 9. Qd2 Na6 10. h4 Nf6 11. h5 Nc5 12. hxg6 fxg6 13. b4 Ncd7 14. Nh3 Nxg4 15. fxg4 Qh4+ 16. Nf2 Qg3 17. Rh3 Qg1 18. Ne2 Rxf2 19. Bxf2 Qxg4 20. Rh4 Qf3 21. Qe3 Qxe3 22. Bxe3 Nf6 23. Nc3 a6 24. 0-0-0 Ng4 25. Kd2 Nxe3 26. Kxe3 Bd7 27. Be2 Bf6 28. Rhh1 a5 29. b5 Rf8 30. Rdf1 Kg7 31. Kd3 h6 32. Nd1 a4 33. a3 Ra8 34. Ne3 Rf8 35. Bg4 Bxg4 36. Nxg4 h5 37. Nxf6 Rxf6 38. Rxf6 Kxf6 39. Ke3 g5 40. Rxh5 1-0

[Event "Basso Veronese op 7th"]
[Site "Casaleone"]
[Date "2014.05.17"]
[Round "2"]
[White "Negro, Raffaele"]
[Black "Solinas, Roberto"]
[Result "1-0"]
[WhiteElo "1808"]
[BlackElo "1719"]
[PlyCount "51"]
[EventDate "2014.05.16"]
[EventType "swiss"]
[EventRounds "5"]
[EventCountry "ITA"]
[SourceTitle "EXT 2015"]
[Source "ChessBase"]
[SourceDate "2014.11.20"]
[SourceVersion "1"]
[SourceVersionDate "2014.11.20"]
[SourceQuality "1"]

1. d4 d5 2. Bf4 Nf6 3. e3 e6 4. Nf3 b6 5. Nbd2 c5 6. c3 Be7 7. Bd3 0-0 8. Ne5 Bb7 9. Qf3 Nc6 10. Qh3 Rc8 11. g4 Nxe5 12. dxe5 Ne4 13. f3 Bh4+ 14. Bg3 Nxd2 15. Kxd2 g5 16. Bxh4 gxh4 17. g5 f5 18. gxf6 Qd7 19. Qxh4 Kh8 20. Rhg1 Rg8 21. Rg3 Rxg3 22. hxg3 d4 23. Rh1 dxc3+ 24. Kxc3 Rd8 25. Qxh7+ Qxh7 26. Rxh7+ 1-0

[Event "Giovanni Pico Cup 7th"]
[Site "Mirandola"]
[Date "2014.01.10"]
[Round "1"]
[White "Ravagnani, Tiziano"]
[Black "Solinas, Roberto"]
[Result "1-0"]
[WhiteElo "1995"]
[BlackElo "1725"]
[PlyCount "37"]
[EventDate "2014.01.10"]
[EventType "swiss"]
[EventRounds "5"]
[EventCountry "ITA"]
[SourceTitle "EXT 2015"]
[Source "ChessBase"]
[SourceDate "2014.11.20"]
[SourceVersion "1"]
[SourceVersionDate "2014.11.20"]
[SourceQuality "1"]

1. e4 c6 2. d4 d5 3. e5 Bf5 4. Nc3 e6 5. g4 Bg6 6. Nge2 c5 7. h4 cxd4 8. h5 dxc3 9. hxg6 cxb2 10. Bxb2 Nc6 11. Rxh7 Bb4+ 12. c3 Nxe5 13. Qa4+ Ke7 14. Qxb4+ Kf6 15. 0-0-0 Kxg6 16. Rxh8 Qg5+ 17. f4 Qxg4 18. fxe5 Qxb4 19. cxb4 1-0

[Event "Basso Veronese op 6th"]
[Site "Casaleone"]
[Date "2013.05.19"]
[Round "5"]
[White "Solinas, Roberto"]
[Black "Leone, Cataldo"]
[Result "1-0"]
[WhiteElo "1706"]
[BlackElo "1610"]
[PlyCount "135"]
[EventDate "2013.05.17"]
[EventType "swiss"]
[EventRounds "5"]
[EventCountry "ITA"]
[SourceTitle "EXT 2014"]
[Source "ChessBase"]
[SourceDate "2013.11.20"]
[SourceVersion "1"]
[SourceVersionDate "2013.11.20"]
[SourceQuality "1"]

1. e4 e5 2. Nf3 Nc6 3. Bb5 Nf6 4. 0-0 d6 5. Re1 a6 6. Ba4 b5 7. Bb3 Na5 8. d4 Nxb3 9. axb3 Bb7 10. dxe5 dxe5 11. Nc3 Bd6 12. Bg5 0-0 13. Nd5 Bxd5 14. exd5 h6 15. Bh4 Re8 16. c4 e4 17. Nd4 g5 18. Bg3 Bxg3 19. hxg3 Qd7 20. Nc6 bxc4 21. bxc4 Ng4 22. f3 exf3 23. Qxf3 Rxe1+ 24. Rxe1 f5 25. Re7 Qd6 26. b4 Rf8 27. Qc3 Qf6 28. Qxf6 Rxf6 29. Rxc7 f4 30. Ne7+ Kf8 31. gxf4 gxf4 32. c5 Ne5 33. d6 f3 34. gxf3 Nxf3+ 35. Kf2 Ne5+ 36. Ke3 h5 37. Nd5 Rh6 38. d7 Nxd7 39. Rxd7 h4 40. Nf4 h3 41. Rd1 Ke7 42. Rh1 h2 43. Kf3 Kd7 44. Kg2 Kc6 45. Rxh2 Rf6 46. Kf3 Kb5 47. Ke4 a5 48. Nd5 Rf1 49. Rc2 Re1+ 50. Ne3 Kc6 51. bxa5 Ra1 52. Nd5 Rxa5 53. Kd4 Ra1 54. Nb4+ Kc7 55. Kc4 Rh1 56. Kb5 Rb1 57. Rh2 Rb3 58. Rh7+ Kb8 59. c6 Kc8 60. Kc4 Rb1 61. Nd3 Rd1 62. Rd7 Rh1 63. Kc5 Rd1 64. Ne5 Rc1+ 65. Nc4 Rc2 66. Kd5 Rc1 67. Nb6+ Kb8 68. Rb7# 1-0

[Event "Modena Province-ch"]
[Site "Modena"]
[Date "2012.12.14"]
[Round "1"]
[White "Paoli, Walter"]
[Black "Solinas, Roberto"]
[Result "1-0"]
[WhiteElo "2045"]
[BlackElo "1693"]
[PlyCount "84"]
[EventDate "2012.12.14"]
[EventType "swiss"]
[EventRounds "5"]
[EventCountry "ITA"]
[SourceTitle "EXT 2014"]
[Source "ChessBase"]
[SourceDate "2013.11.20"]
[SourceVersion "1"]
[SourceVersionDate "2013.11.20"]
[SourceQuality "1"]

1. Nf3 d5 2. c4 e6 3. cxd5 exd5 4. d4 Nf6 5. Bg5 Be7 6. e3 c6 7. Bd3 h6 8. Bxf6 Bxf6 9. Nc3 Be6 10. Rc1 Nd7 11. 0-0 0-0 12. Bb1 g6 13. Ne2 Bg7 14. Nf4 Qf6 15. h3 Bf5 16. Bxf5 Qxf5 17. Nd3 Rfe8 18. Qb3 Reb8 19. Rc3 Qe6 20. Rfc1 Kh7 21. a4 a5 22. Qc2 Qe7 23. Nd2 Qd8 24. Nb3 Nb6 25. Nbc5 Nd7 26. Nxd7 Qxd7 27. Rb3 Qd8 28. Qe2 Qe7 29. Qf3 f5 30. Qf4 Rd8 31. Nc5 Ra7 32. Rb6 Bf6 33. Rc3 Bg5 34. Qe5 Qxe5 35. dxe5 d4 36. exd4 Rxd4 37. g3 Bd2 38. Rd3 Rd5 39. Rxd5 cxd5 40. Kf1 Bb4 41. Nxb7 Ra8 42. Nd6 Re8 1-0

[Event "Basso Veronese op 5th"]
[Site "Casaleone"]
[Date "2012.05.??"]
[Round "1"]
[White "Brunelli, Giovanni"]
[Black "Solinas, Roberto"]
[Result "1-0"]
[WhiteElo "1931"]
[BlackElo "1718"]
[PlyCount "51"]
[EventDate "2012.05.19"]
[EventType "swiss"]
[EventRounds "6"]
[EventCountry "ITA"]
[SourceTitle "EXT 2014"]
[Source "ChessBase"]
[SourceDate "2013.11.20"]
[SourceVersion "1"]
[SourceVersionDate "2013.11.20"]
[SourceQuality "1"]

1. e4 g6 2. d4 Bg7 3. Nc3 c6 4. Bc4 e6 5. Nf3 d5 6. Be2 h5 7. Bg5 f6 8. Be3 g5 9. exd5 exd5 10. Qd3 Qe7 11. 0-0-0 b6 12. Rde1 Ba6 13. Qd2 Kf8 14. Bxa6 Nxa6 15. Bxg5 Qf7 16. Bf4 Bh6 17. Re2 Re8 18. Rhe1 Rxe2 19. Nxe2 Kg7 20. Ng3 Bxf4 21. Nf5+ Kg6 22. Qxf4 Qd7 23. N3h4+ Kf7 24. Qg3 Rh7 25. Nd6+ Kf8 26. Ng6+ 1-0

[Event "Giovanni Pico Cup 5th"]
[Site "Mirandola"]
[Date "2012.01.13"]
[Round "1"]
[White "Solinas, Roberto"]
[Black "Vincenzi, Marco"]
[Result "1-0"]
[WhiteElo "1732"]
[BlackElo "2121"]
[PlyCount "107"]
[EventDate "2012.01.13"]
[EventType "swiss"]
[EventRounds "5"]
[EventCountry "ITA"]
[SourceTitle "EXT 2023"]
[Source "ChessBase"]
[SourceDate "2022.10.05"]
[SourceVersion "1"]
[SourceVersionDate "2022.10.05"]
[SourceQuality "1"]

1. e4 e5 2. Nf3 Nc6 3. Bb5 a6 4. Ba4 Nf6 5. 0-0 b5 6. Bb3 Be7 7. c3 Nxe4 8. Re1 Nc5 9. Nxe5 Nxe5 10. Rxe5 Nxb3 11. Qxb3 0-0 12. d4 Bd6 13. Bg5 Bxe5 14. Bxd8 Bf4 15. Bh4 Re8 16. Qd1 d6 17. Nd2 Bb7 18. Bg3 Bh6 19. c4 Re7 20. cxb5 axb5 21. a3 Rae8 22. Nf1 g6 23. b4 f5 24. f3 Re2 25. Qb3+ Kf8 26. Ra2 R2e7 27. d5 Bg7 28. Qd3 f4 29. Bxf4 Rf7 30. Bg3 Rf5 31. Re2 Rxd5 32. Rxe8+ Kxe8 33. Qe2+ Kd7 34. h3 Bc6 35. Ne3 Rd4 36. Bf2 Bh8 37. Nf5 gxf5 38. Bxd4 Bxd4+ 39. Kh1 Kc8 40. Qe6+ Kb7 41. Qxf5 Bb2 42. Qd3 Kb6 43. g4 Bc1 44. Kg2 h6 45. h4 Bd7 46. Qd4+ Kb7 47. Qc3 Bf4 48. Qg7 Bc6 49. g5 hxg5 50. hxg5 Bc1 51. g6 d5 52. Qd4 Be8 53. Qxd5+ c6 54. Qe6 1-0

[Event "Cavarzere op 14th"]
[Site "Cavarzere"]
[Date "2011.10.16"]
[Round "3.16"]
[White "Solinas, Roberto"]
[Black "Martarello, Andrea"]
[Result "1-0"]
[WhiteElo "1732"]
[BlackElo "1440"]
[PlyCount "71"]
[EventDate "2011.10.15"]
[EventType "swiss"]
[EventRounds "6"]
[EventCountry "ITA"]
[SourceTitle "EXT 2023"]
[Source "ChessBase"]
[SourceDate "2022.10.05"]
[SourceVersion "1"]
[SourceVersionDate "2022.10.05"]
[SourceQuality "1"]

1. e4 c5 2. c3 e6 3. d4 d5 4. Bb5+ Bd7 5. Qe2 Nf6 6. exd5 Nxd5 7. Nf3 Be7 8. 0-0 0-0 9. a4 a6 10. Bd3 Nc6 11. dxc5 Bxc5 12. b4 Be7 13. Qc2 f5 14. Qb3 Qc7 15. Bc4 Ne5 16. Bxd5 Ng4 17. Bxe6+ Bxe6 18. Qxe6+ Kh8 19. h3 Rf6 20. Bf4 Qxf4 21. Qxe7 Rh6 22. Qg5 Qd6 23. hxg4 fxg4 24. Qe5 Qg6 25. Qg5 gxf3 26. Qxg6 Rxg6 27. g3 h5 28. Nd2 Rf8 29. Kh2 Rg4 30. Rae1 Rf6 31. Re3 h4 32. Rxf3 Rh6 33. Kg2 Rd6 34. Rf8+ Kh7 35. Nf3 Rdg6 36. Ne5 1-0

[Event "Chioggia op-B 05th"]
[Site "Chioggia"]
[Date "2010.10.09"]
[Round "2"]
[White "Boscolo Bragadin, Aldo"]
[Black "Solinas, Roberto"]
[Result "1-0"]
[WhiteElo "1619"]
[BlackElo "1756"]
[PlyCount "145"]
[EventDate "2010.10.08"]
[EventType "swiss"]
[EventRounds "5"]
[EventCountry "ITA"]
[SourceTitle "EXT 2022"]
[Source "ChessBase"]
[SourceDate "2021.10.06"]
[SourceVersion "1"]
[SourceVersionDate "2021.10.06"]
[SourceQuality "1"]

1. e4 c6 2. Bc4 d5 3. exd5 cxd5 4. Bb3 Nf6 5. d4 Nc6 6. Bf4 Bf5 7. c3 e6 8. Nf3 Bd6 9. Ne5 0-0 10. Nd2 Qc7 11. Qe2 Nd7 12. Nxd7 Qxd7 13. Bxd6 Qxd6 14. 0-0 a6 15. Nf3 Bg4 16. Bc2 Qf4 17. Qe3 Qxe3 18. fxe3 b5 19. Nd2 e5 20. Nb3 e4 21. Nc5 Na5 22. b3 Ra7 23. Rf4 Bc8 24. a4 bxa4 25. Rxa4 Nc6 26. b4 Nb8 27. Bb3 Be6 28. b5 Rc8 29. Rf1 Nd7 30. Rxa6 Rxa6 31. bxa6 Nxc5 32. dxc5 Rxc5 33. Ra1 Rc8 34. Ba4 Ra8 35. Bc6 Ra7 36. Bb7 Kf8 37. Ra5 Ke7 38. Rc5 Kd6 39. Rc6+ Kd7 40. Kf2 f5 41. Kg3 g5 42. h3 h5 43. h4 d4 44. cxd4 gxh4+ 45. Kf4 Bd5 46. Rb6 Kc7 47. Rh6 Bxb7 48. Rh7+ Kc8 49. axb7+ Kb8 50. Rxh5 Rxb7 51. Rxh4 Rb3 52. Rh5 Rb2 53. Rg5 Rf2+ 54. Ke5 Re2 55. Rg3 Rf2 56. d5 Kc8 57. d6 Kd7 58. Rg7+ Kc6 59. Ke6 f4 60. Rc7+ Kb6 61. Rc3 f3 62. d7 Rd2 63. gxf3 exf3 64. e4 f2 65. Rf3 Kc7 66. Rc3+ Kb7 67. Rc1 Re2 68. d8Q Rxe4+ 69. Kf5 Re1 70. Rc7+ Ka6 71. Qd6+ Kb5 72. Qc5+ Ka6 73. Ra7# 1-0

[Event "Basso Veronese-B 2nd"]
[Site "Casaleone"]
[Date "2009.11.15"]
[Round "6"]
[White "Solinas, Roberto"]
[Black "Adami, Antonio"]
[Result "0-1"]
[WhiteElo "1770"]
[BlackElo "1646"]
[PlyCount "92"]
[EventDate "2009.11.07"]
[EventType "swiss"]
[EventRounds "6"]
[EventCountry "ITA"]
[SourceTitle "EXT 2015"]
[Source "ChessBase"]
[SourceDate "2014.11.20"]
[SourceVersion "1"]
[SourceVersionDate "2014.11.20"]
[SourceQuality "1"]

1. d4 f5 2. e4 fxe4 3. Nc3 Nf6 4. Bg5 g6 5. Bxf6 exf6 6. Nxe4 d5 7. Nd2 Bg7 8. Qe2+ Kf7 9. 0-0-0 Re8 10. Qb5 c6 11. Qb3 b5 12. Ngf3 a5 13. a3 a4 14. Qc3 Be6 15. Bd3 Nd7 16. Qxc6 b4 17. axb4 a3 18. bxa3 Rxa3 19. Nb1 Ra1 20. c3 Qb8 21. Rd2 Bh6 22. Kd1 Bxd2 23. Nfxd2 Rc8 24. Qb5 Qxb5 25. Bxb5 Rxc3 26. Ke2 Rc2 27. Bd3 Rb2 28. b5 Nb6 29. Rc1 Nc4 30. Rc3 Raxb1 31. Bxb1 Rxd2+ 32. Ke1 Rb2 33. Bc2 Rxb5 34. Ba4 Rb1+ 35. Ke2 Rb2+ 36. Kf3 Rd2 37. Rb3 Kg7 38. Rb7+ Kh6 39. Re7 Bf5 40. h3 Rxd4 41. g4 Ne5+ 42. Kg3 Bxg4 43. Bc2 Bf5 44. f4 Bxc2 45. fxe5 fxe5 46. Rxe5 Bf5 0-1

[Event "Mirandola Giovanni Pico op 2nd"]
[Site "Mirandola"]
[Date "2009.01.09"]
[Round "1"]
[White "Camerini, Lorenzo"]
[Black "Solinas, Roberto"]
[Result "1-0"]
[WhiteElo "2101"]
[BlackElo "1773"]
[PlyCount "45"]
[EventDate "2009.01.09"]
[EventType "swiss"]
[EventRounds "5"]
[EventCountry "ITA"]
[SourceTitle "EXT 2011"]
[Source "ChessBase"]
[SourceDate "2010.11.26"]
[SourceVersion "1"]
[SourceVersionDate "2010.11.26"]
[SourceQuality "1"]

1. e4 c6 2. d4 d5 3. exd5 cxd5 4. c4 e6 5. Nf3 Bb4+ 6. Nc3 Nf6 7. cxd5 Nxd5 8. Bd2 0-0 9. Bd3 Nf6 10. 0-0 Nc6 11. Bg5 Be7 12. a3 h6 13. Bh4 b6 14. Re1 Bb7 15. Bc2 Nb8 16. Bb3 Nd5 17. Bxd5 Bxd5 18. Bxe7 Qxe7 19. Nxd5 Qd6 20. Ne3 Rd8 21. Ne5 Qxd4 22. Qf3 Nd7 23. Nc6 1-0

[Event "Emilia Romagna Province-ch"]
[Site "Formigine"]
[Date "2007.04.29"]
[Round "4"]
[White "Fiorentini, Paolo"]
[Black "Solinas, Roberto"]
[Result "1-0"]
[WhiteElo "1982"]
[BlackElo "1673"]
[PlyCount "109"]
[EventDate "2007.04.28"]
[EventType "swiss"]
[EventRounds "6"]
[EventCountry "ITA"]
[SourceTitle "EXT 2009"]
[Source "ChessBase"]
[SourceDate "2008.11.26"]
[SourceVersion "1"]
[SourceVersionDate "2008.11.26"]
[SourceQuality "1"]

1. d4 d5 2. c4 e6 3. Nc3 c6 4. Nf3 Nf6 5. Qb3 Qb6 6. c5 Qxb3 7. axb3 a6 8. Bf4 Nbd7 9. e3 Nh5 10. Bc7 Be7 11. Bd3 Bd8 12. Bxd8 Kxd8 13. b4 Nhf6 14. b5 e5 15. Nxe5 Nxe5 16. dxe5 Ng4 17. bxc6 bxc6 18. Na4 Nxe5 19. Be2 Nd7 20. 0-0 Rb8 21. Ra2 Rb4 22. Rfa1 Re8 23. Bd3 g6 24. h3 f5 25. Rc1 f4 26. exf4 Rxf4 27. Nb6 Rb4 28. Nxc8 Kxc8 29. Rxa6 Nb8 30. Ra2 Re7 31. Kf1 Reb7 32. Rc2 Rd4 33. Be2 h5 34. Ba6 Nxa6 35. Rxa6 Kc7 36. Ra8 Rd1+ 37. Ke2 Rb1 38. Ra2 Kd7 39. Kf3 g5 40. Re2 Rb3+ 41. Re3 R3xb2 42. Ra7+ Rb7 43. Rxb7+ Rxb7 44. Re5 g4+ 45. hxg4 hxg4+ 46. Kxg4 Rb5 47. f4 Rxc5 48. f5 Rc4+ 49. Kg5 Re4 50. Rxe4 dxe4 51. Kf4 e3 52. Kxe3 Ke7 53. Kd4 Kd6 54. g4 c5+ 55. Kc4 1-0

[Event "Vignola op 5th"]
[Site "Vignola"]
[Date "2006.11.24"]
[Round "1"]
[White "Solinas, Roberto"]
[Black "Rigo, Gianfrancesco"]
[Result "0-1"]
[WhiteElo "1670"]
[BlackElo "2017"]
[PlyCount "126"]
[EventDate "2006.11.24"]
[EventType "swiss"]
[EventRounds "5"]
[EventCountry "ITA"]
[SourceTitle "EXT 2011"]
[Source "ChessBase"]
[SourceDate "2010.11.26"]
[SourceVersion "1"]
[SourceVersionDate "2010.11.26"]
[SourceQuality "1"]

1. d4 d5 2. Nf3 Nf6 3. e3 Bg4 4. c4 dxc4 5. Bxc4 e6 6. Nbd2 c6 7. Qc2 Nbd7 8. 0-0 Be7 9. a4 0-0 10. b3 Nb6 11. Bd3 Nbd5 12. Be2 Nb4 13. Qd1 Bf5 14. Ba3 c5 15. Bxb4 cxb4 16. Nh4 Be4 17. Nxe4 Nxe4 18. Nf3 Nc3 19. Qe1 Bd6 20. Bd3 Qf6 21. Nd2 Qh6 22. f4 Rac8 23. Rf3 f5 24. Rh3 Qf6 25. Nf3 h6 26. Bc4 a6 27. Qh4 b5 28. axb5 axb5 29. Bd3 Qxh4 30. Nxh4 Ra8 31. Re1 Ra3 32. Ng6 Rf6 33. Ne5 Rxb3 34. Nd7 Rf7 35. Nc5 Bxc5 36. dxc5 Rc7 37. e4 Rxc5 38. exf5 exf5 39. Rhe3 Ne4 40. Bxe4 Rxe3 41. Rxe3 fxe4 42. Rxe4 Rc4 43. Re5 Rxf4 44. Rxb5 Kf7 45. g3 Rc4 46. Kf2 Rc2+ 47. Ke3 Rb2 48. h4 Kf6 49. Kf4 b3 50. g4 g5+ 51. hxg5+ hxg5+ 52. Ke3 Rg2 53. Kf3 Rh2 54. Kg3 Rb2 55. Kf3 Rb1 56. Ke2 b2 57. Kd2 Rg1 58. Rb6+ Ke5 59. Rb5+ Kf4 60. Rb4+ Kg3 61. Kc2 b1Q+ 62. Rxb1 Rxb1 63. Kxb1 Kxg4 0-1

[Event "Pedavena op-B 1st"]
[Site "Pedavena"]
[Date "2005.08.05"]
[Round "4"]
[White "Solinas, Roberto"]
[Black "Cocuzzi, Edoardo"]
[Result "0-1"]
[WhiteElo "1634"]
[BlackElo "1689"]
[PlyCount "64"]
[EventDate "2005.08.03"]
[EventType "swiss"]
[EventRounds "6"]
[EventCountry "ITA"]
[SourceTitle "EXT 2023"]
[Source "ChessBase"]
[SourceDate "2022.10.05"]
[SourceVersion "1"]
[SourceVersionDate "2022.10.05"]
[SourceQuality "1"]

1. d4 d5 2. Nf3 Bf5 3. e3 a6 4. c4 e6 5. Nc3 Nf6 6. cxd5 Nxd5 7. Be2 Be7 8. 0-0 0-0 9. Ne5 c5 10. Bd2 cxd4 11. exd4 Nb4 12. Be3 Bf6 13. Nf3 N8c6 14. a3 Nc2 15. Rc1 N2xd4 16. b4 Nxe2+ 17. Nxe2 Qxd1 18. Rfxd1 Bb2 19. Rc4 Rfd8 20. Rxd8+ Rxd8 21. Ng3 Bxa3 22. h4 Bd3 23. Rg4 f5 24. Rg5 h6 25. Rh5 Bxb4 26. Bxh6 gxh6 27. Rxh6 Bc4 28. h5 Bd2 29. Rg6+ Kh7 30. Rf6 Kg7 31. Rg6+ Kf7 32. Nh4 Ne7 0-1

[Event "Pedavena op-B 1st"]
[Site "Pedavena"]
[Date "2005.08.03"]
[Round "1"]
[White "Giorgiutti, Jacopo"]
[Black "Solinas, Roberto"]
[Result "0-1"]
[WhiteElo "1428"]
[BlackElo "1634"]
[PlyCount "64"]
[EventDate "2005.08.03"]
[EventType "swiss"]
[EventRounds "6"]
[EventCountry "ITA"]
[SourceTitle "EXT 2023"]
[Source "ChessBase"]
[SourceDate "2022.10.05"]
[SourceVersion "1"]
[SourceVersionDate "2022.10.05"]
[SourceQuality "1"]

1. d4 d5 2. c4 e6 3. Nc3 Be7 4. Nf3 Nf6 5. Bg5 h6 6. Bh4 b6 7. Qa4+ Bd7 8. Qc2 dxc4 9. e4 b5 10. a4 c6 11. Be2 0-0 12. 0-0 Nh5 13. Bg3 Nxg3 14. fxg3 f6 15. g4 Be8 16. Rad1 Qc7 17. b3 b4 18. Nb1 c3 19. Rf2 Nd7 20. Bd3 Bg6 21. Re1 c5 22. Bc4 Bf7 23. d5 exd5 24. Bxd5 Bxd5 25. exd5 Bd6 26. Qf5 Ne5 27. Nh4 Qf7 28. Rd1 c4 29. bxc4 Bc5 30. Nf3 Bxf2+ 31. Kxf2 Nxg4+ 32. Kg1 Ne3 0-1

[Event "Padova op-A 5th"]
[Site "Padova"]
[Date "2002.12.21"]
[Round "4.10"]
[White "Solinas, Carlo"]
[Black "Solinas, Roberto"]
[Result "1-0"]
[WhiteElo "2015"]
[BlackElo "1705"]
[PlyCount "37"]
[EventDate "2002.12.14"]
[EventType "swiss"]
[EventRounds "6"]
[EventCountry "ITA"]
[SourceTitle "EXT 2023"]
[Source "ChessBase"]
[SourceDate "2022.10.05"]
[SourceVersion "1"]
[SourceVersionDate "2022.10.05"]
[SourceQuality "1"]

1. e4 c6 2. Nc3 e5 3. Bc4 d6 4. Qf3 Nf6 5. h3 Be6 6. Bxe6 fxe6 7. g4 h6 8. Nge2 c5 9. d3 Nc6 10. a3 Be7 11. h4 Qb6 12. Qh3 Nd4 13. Nxd4 cxd4 14. Ne2 d5 15. f4 exf4 16. Nxf4 0-0-0 17. Ng6 Rhe8 18. e5 Bf8 19. exf6 1-0

[Event "Padova op-A 5th"]
[Site "Padova"]
[Date "2002.12.14"]
[Round "1.37"]
[White "Solinas, Roberto"]
[Black "Halili, Genti"]
[Result "1-0"]
[WhiteElo "1705"]
[BlackElo "1500"]
[PlyCount "108"]
[EventDate "2002.12.14"]
[EventType "swiss"]
[EventRounds "6"]
[EventCountry "ITA"]
[SourceTitle "EXT 2023"]
[Source "ChessBase"]
[SourceDate "2022.10.05"]
[SourceVersion "1"]
[SourceVersionDate "2022.10.05"]
[SourceQuality "1"]

1. d4 d5 2. Nf3 Nf6 3. e3 e6 4. Bd3 b6 5. Qe2 Bb7 6. Nbd2 Be7 7. 0-0 0-0 8. b3 Re8 9. Bb2 Nbd7 10. Rac1 c5 11. c4 Rc8 12. Ne5 Bd6 13. f4 Ne4 14. Ndf3 f6 15. Ng4 cxd4 16. Nxd4 f5 17. Nf2 Ndf6 18. Nf3 Qe7 19. Ne5 Bb4 20. Rfd1 Bc5 21. Bd4 Ba3 22. Rc2 Nc5 23. Bb2 Bxb2 24. Rxb2 Nxd3 25. Rxd3 dxc4 26. Nxc4 Bd5 27. Ne5 Rc1+ 28. Rd1 Rec8 29. Nfd3 Rxd1+ 30. Qxd1 Ne4 31. Rc2 Rxc2 32. Qxc2 Bb7 33. Qc4 g6 34. Nf3 Nd6 35. Qc2 Bxf3 36. gxf3 Qb7 37. Ne5 a6 38. Kf2 b5 39. Qc5 Nf7 40. b4 Nxe5 41. fxe5 Qd7 42. Qd4 Qc7 43. Qc5 Qd7 44. Ke2 Kf7 45. f4 Qb7 46. Kf2 Qd7 47. Qd4 Qc7 48. Qc5 Qd7 49. Qd4 Qc7 50. Qd3 Qb7 51. Qd4 Qc7 52. Qd2 Qb7 53. Kg3 Qc7 54. Qd3 Qb7 1-0